[Event "Ile et Vilaine op"]
[Site "Rennes"]
[Date "2017.07.08"]
[Round "1"]
[White "Marie, Xavier"]
[Black "Bailet, Pierre"]
[Result "0-1"]
[WhiteElo "1851"]
[BlackElo "2525"]
[PlyCount "74"]
[EventDate "2017.07.08"]
[EventType "swiss"]
[EventRounds "9"]
[EventCountry "FRA"]
[SourceTitle "EXT 2019"]
[Source "ChessBase"]
[SourceDate "2018.10.10"]
[SourceVersion "1"]
[SourceVersionDate "2018.10.10"]
[SourceQuality "1"]

1. d4 Nf6 2. c4 g6 3. Nc3 Bg7 4. e4 d6 5. Nf3 0-0 6. Be2 Nbd7 7. 0-0 e5 8. Be3 Qe7 9. d5 Ng4 10. Bg5 f6 11. Bd2 f5 12. Bg5 Ndf6 13. Ne1 Nh6 14. f3 Nf7 15. Bh4 g5 16. Bf2 f4 17. Nd3 h5 18. c5 Bh6 19. Qc2 g4 20. cxd6 cxd6 21. Nb5 Bd7 22. a4 Ne8 23. Rfd1 a6 24. Na3 Qg5 25. Kf1 Nf6 26. Ne1 g3 27. hxg3 fxg3 28. Bg1 h4 29. Nc4 Rac8 30. Qb3 h3 31. gxh3 g2+ 32. Nxg2 Bxh3 33. Nce3 Nxe4 34. fxe4 Qg3 35. Bf2 Ng5 36. Ke1 Qxf2+ 37. Kd2 Nxe4+ 0-1

[Event "Liffre op"]
[Site "Liffre"]
[Date "2016.10.25"]
[Round "6"]
[White "Kukov, Velislav"]
[Black "Marie, Xavier"]
[Result "1-0"]
[WhiteElo "2358"]
[BlackElo "1860"]
[PlyCount "37"]
[EventDate "2016.10.22"]
[EventType "swiss"]
[EventRounds "9"]
[EventCountry "FRA"]
[SourceTitle "CBM 175 Extra"]
[Source "ChessBase"]
[SourceDate "2016.12.12"]
[SourceVersion "1"]
[SourceVersionDate "2016.12.12"]
[SourceQuality "1"]

1. d4 Nf6 2. Bf4 c5 3. e3 Qb6 4. Nc3 cxd4 5. exd4 Qxb2 6. Nb5 Nd5 7. Rb1 Qxa2 8. Bd2 Qa6 9. Nc7+ Nxc7 10. Bxa6 Nbxa6 11. Nf3 g6 12. 0-0 Bg7 13. Re1 e6 14. Qc1 0-0 15. Bh6 Nd5 16. Bxg7 Kxg7 17. c4 Ndb4 18. Qc3 d6 19. Rxb4 1-0

[Event "Liffre op"]
[Site "Liffre"]
[Date "2016.10.23"]
[Round "2"]
[White "Marie, Xavier"]
[Black "Thejkumar, MS."]
[Result "0-1"]
[WhiteElo "1860"]
[BlackElo "2445"]
[PlyCount "64"]
[EventDate "2016.10.22"]
[EventType "swiss"]
[EventRounds "9"]
[EventCountry "FRA"]
[SourceTitle "CBM 175 Extra"]
[Source "ChessBase"]
[SourceDate "2016.12.12"]
[SourceVersion "1"]
[SourceVersionDate "2016.12.12"]
[SourceQuality "1"]

1. d4 d5 2. c4 e5 3. dxe5 d4 4. Nf3 Nc6 5. g3 Nge7 6. Bg2 Ng6 7. 0-0 Ngxe5 8. Nxe5 Nxe5 9. Na3 Be7 10. Nb5 c5 11. Bf4 Bf6 12. Bxe5 Bxe5 13. e3 0-0 14. exd4 cxd4 15. Re1 Bf6 16. Bd5 Qb6 17. Re4 d3 18. Qd2 Bf5 19. Ree1 Rad8 20. Nc3 h6 21. Kg2 Bg5 22. f4 Bf6 23. Rad1 Rfe8 24. Na4 Qd4 25. Nc3 Qb6 26. Na4 Qc7 27. b4 Rxe1 28. Rxe1 b5 29. Nc5 bxc4 30. Bxc4 Qc6+ 31. Kf2 Bd4+ 32. Re3 Re8 0-1

[Event "Rennes op 7th"]
[Site "Rennes"]
[Date "2014.07.10"]
[Round "8"]
[White "Marie, Xavier"]
[Black "Bourgois, Bastien"]
[Result "0-1"]
[WhiteElo "1872"]
[BlackElo "2032"]
[PlyCount "154"]
[EventDate "2014.07.05"]
[EventType "swiss"]
[EventRounds "9"]
[EventCountry "FRA"]
[SourceTitle "CBM 161 Extra"]
[Source "ChessBase"]
[SourceDate "2014.08.29"]
[SourceVersion "1"]
[SourceVersionDate "2014.08.29"]
[SourceQuality "1"]

1. d4 d6 2. Nf3 Bg4 3. c4 c6 4. Qb3 Qc7 5. h3 Bf5 6. Nc3 Nf6 7. Nh4 Bg6 8. Nxg6 hxg6 9. e4 e5 10. d5 Nbd7 11. Qc2 Be7 12. Be2 0-0 13. Be3 cxd5 14. cxd5 Nc5 15. Bxc5 Qxc5 16. 0-0 a6 17. b4 Qxb4 18. Rab1 Qc5 19. Rxb7 Rfc8 20. Rb3 Bd8 21. Qb2 Qd4 22. Rd1 Qc5 23. Bd3 Nd7 24. Na4 Qa5 25. Rb4 Ra7 26. Qb3 Rac7 27. Rb1 Bg5 28. Rc4 Rxc4 29. Bxc4 Rb8 30. Qxb8+ Nxb8 31. Rxb8+ Kh7 32. Nb2 Qe1+ 33. Bf1 Qxe4 34. Bxa6 Qb1+ 35. Bf1 Bc1 36. Bd3 Qxa2 37. Nc4 e4 38. Bf1 Bf4 39. Re8 e3 40. Nxe3 Bxe3 41. Rxe3 Qxd5 42. Be2 Qc5 43. Rd3 d5 44. Rd1 g5 45. Kf1 Kg6 46. Bd3+ Kf6 47. Be2 Ke5 48. Ke1 Qb4+ 49. Kf1 d4 50. Bd3 Qa3 51. Be2 Kd5 52. Rd3 Qc1+ 53. Rd1 Qf4 54. Kg1 Kc5 55. Rd3 Qe5 56. Bf1 Qe1 57. Rb3 Qd1 58. Rd3 Qb1 59. Rd2 Kd5 60. Rd3 Ke4 61. Rd2 Qc1 62. Rd3 Qc2 63. Rg3 Qd1 64. Rg4+ Kf5 65. Rg3 f6 66. Rd3 Qa1 67. Rd2 g4 68. hxg4+ Kxg4 69. Rd3 Kf4 70. Rd2 Ke4 71. Re2+ Kd5 72. Rc2 Qd1 73. Ra2 d3 74. Ra7 d2 75. Rd7+ Ke4 76. g3 Qc1 77. Re7+ Kd5 0-1

[Event "Rennes op 7th"]
[Site "Rennes"]
[Date "2014.07.07"]
[Round "4"]
[White "Marie, Xavier"]
[Black "Stephan, Victor"]
[Result "0-1"]
[WhiteElo "1872"]
[BlackElo "2341"]
[PlyCount "72"]
[EventDate "2014.07.05"]
[EventType "swiss"]
[EventRounds "9"]
[EventCountry "FRA"]
[SourceTitle "CBM 161 Extra"]
[Source "ChessBase"]
[SourceDate "2014.08.29"]
[SourceVersion "1"]
[SourceVersionDate "2014.08.29"]
[SourceQuality "1"]

1. d4 Nf6 2. c4 e6 3. Nf3 d5 4. cxd5 exd5 5. Bg5 Nbd7 6. e3 Bb4+ 7. Nc3 c5 8. Qc2 Qa5 9. Bd3 0-0 10. 0-0 c4 11. Bf5 Re8 12. Rfc1 g6 13. Bh3 Kg7 14. Bxf6+ Nxf6 15. Bxc8 Raxc8 16. Ne5 Bd6 17. f4 Bb4 18. Rf1 Bxc3 19. bxc3 Ne4 20. Rab1 Rc7 21. Rb4 f6 22. Ng4 b5 23. Rfb1 a6 24. a4 bxa4 25. Ra1 a3 26. Qc1 a2 27. Qb2 Rce7 28. Rxa2 Qc7 29. Rxa6 Qc8 30. Nxf6 Nxf6 31. Rbb6 Nd7 32. Rc6 Qb8 33. Qc2 Rxe3 34. Rxg6+ Kh8 35. Rgd6 Re2 36. Qa4 Qb1+ 0-1

[Event "Domloup op-A"]
[Site "Domloup"]
[Date "2013.09.01"]
[Round "5"]
[White "Ruhlmann, Helene"]
[Black "Marie, Xavier"]
[Result "1-0"]
[WhiteElo "1823"]
[BlackElo "1826"]
[PlyCount "61"]
[EventDate "2013.08.30"]
[EventType "swiss"]
[EventRounds "5"]
[EventCountry "FRA"]
[SourceTitle "CBM 156 Extra"]
[Source "ChessBase"]
[SourceDate "2013.10.22"]
[SourceVersion "1"]
[SourceVersionDate "2013.10.22"]
[SourceQuality "1"]

1. d4 Nf6 2. Nf3 c5 3. c4 cxd4 4. Nxd4 e6 5. Nc3 Bb4 6. Qc2 Nc6 7. Nf3 d5 8. cxd5 Nxd5 9. Bd2 0-0 10. Ng5 Nf6 11. a3 Be7 12. g3 h6 13. Nf3 e5 14. Bg2 Be6 15. 0-0 Rc8 16. Qa4 Qb6 17. b4 a6 18. Rac1 Rfd8 19. h3 Bc4 20. Be3 Qc7 21. Nd2 b5 22. Qxa6 Nd4 23. Bxd4 Rxd4 24. Nde4 Nxe4 25. Bxe4 Rd6 26. Qb7 Qd8 27. Rfd1 Rc7 28. Rxd6 Bxd6 29. Qb6 Qd7 30. Rd1 Bc5 31. Rxd7 1-0

[Event "Domloup op-A"]
[Site "Domloup"]
[Date "2013.08.30"]
[Round "3"]
[White "Seite, Sullian"]
[Black "Marie, Xavier"]
[Result "0-1"]
[WhiteElo "1551"]
[BlackElo "1826"]
[PlyCount "44"]
[EventDate "2013.08.30"]
[EventType "swiss"]
[EventRounds "5"]
[EventCountry "FRA"]
[SourceTitle "CBM 156 Extra"]
[Source "ChessBase"]
[SourceDate "2013.10.22"]
[SourceVersion "1"]
[SourceVersionDate "2013.10.22"]
[SourceQuality "1"]

1. c4 Nf6 2. Nc3 c5 3. g3 d5 4. cxd5 Nxd5 5. Bg2 Nxc3 6. bxc3 g6 7. Nf3 Bg7 8. 0-0 0-0 9. d4 Nc6 10. Bb2 Qb6 11. Ba3 cxd4 12. cxd4 Rd8 13. Bc5 Qa5 14. e3 e5 15. Nd2 exd4 16. Bxc6 Qxc5 17. Rc1 Qe7 18. Bg2 dxe3 19. fxe3 Qxe3+ 20. Rf2 Bd4 21. Ne4 f5 22. Nf6+ Bxf6 0-1

[Event "Ille et Vilaine-ch 1112"]
[Site "Ile et Vilaine"]
[Date "2012.03.03"]
[Round "6.13"]
[White "Marie, Xavier"]
[Black "Chevrel, Raymond"]
[Result "1-0"]
[WhiteElo "1782"]
[BlackElo "1570"]
[PlyCount "51"]
[EventDate "2012.10.??"]
[EventType "swiss"]
[EventRounds "7"]
[EventCountry "FRA"]
[SourceTitle "EXT 2014"]
[Source "ChessBase"]
[SourceDate "2013.11.20"]
[SourceVersion "1"]
[SourceVersionDate "2013.11.20"]
[SourceQuality "1"]

1. e4 c6 2. d4 d5 3. f3 Nd7 4. Nc3 e6 5. Bf4 dxe4 6. fxe4 Ngf6 7. Nf3 Nh5 8. Be3 Qc7 9. Ng5 Nhf6 10. e5 h6 11. exf6 hxg5 12. fxg7 Bxg7 13. Qf3 f5 14. Bxg5 Bxd4 15. 0-0-0 Bf6 16. Bxf6 Nxf6 17. Bc4 Rxh2 18. Rhe1 e5 19. Qg3 Ng4 20. Rd4 Rh5 21. Rd2 f4 22. Qxf4 Qg7 23. Qd4 Bd7 24. Qc5 b6 25. Qd6 0-0-0 26. Ba6# 1-0

[Event "Rennes op 4th"]
[Site "Rennes"]
[Date "2011.07.17"]
[Round "3"]
[White "Marie, Xavier"]
[Black "Le Marec, Simon"]
[Result "0-1"]
[WhiteElo "1714"]
[BlackElo "2108"]
[PlyCount "76"]
[EventDate "2011.07.16"]
[EventType "swiss"]
[EventRounds "9"]
[EventCountry "FRA"]
[SourceTitle "CBM 143 Extra"]
[Source "ChessBase"]
[SourceDate "2011.08.29"]
[SourceVersion "1"]
[SourceVersionDate "2011.08.29"]
[SourceQuality "1"]

1. d4 e6 2. c4 Bb4+ 3. Nd2 f5 4. a3 Bxd2+ 5. Qxd2 Nf6 6. g3 0-0 7. Bg2 d6 8. Nf3 Nc6 9. b4 Ne4 10. Qc2 e5 11. Bb2 exd4 12. Nxd4 Qe7 13. 0-0 Nxd4 14. Bxd4 Bd7 15. Rfd1 Bc6 16. b5 Bd7 17. a4 Rae8 18. Bxa7 b6 19. a5 Nxf2 20. Bd5+ Kh8 21. Kxf2 f4 22. Kg2 Qg5 23. Bf3 Re3 24. Rd5 Bf5 25. Qd2 Qh6 26. g4 Qg6 27. h3 Be4 28. Rd4 Bxf3+ 29. exf3 Rfe8 30. Re4 R8xe4 31. fxe4 Qxe4+ 32. Kf2 Qf3+ 33. Kg1 Re2 34. Qxe2 Qxe2 35. Rf1 f3 36. Rf2 Qe1+ 37. Rf1 Qg3+ 38. Kh1 Qg2# 0-1